| 000 | 02264nam a22003734a 4500 | ||
|---|---|---|---|
| 001 | ebr10270730 | ||
| 003 | CaPaEBR | ||
| 006 | m u | ||
| 007 | cr cn||||||||| | ||
| 008 | 070924s2007 ne sb 001 0 eng | ||
| 010 | _z 2007039637 | ||
| 020 | _z9789004162457 (hardback : alk. paper) | ||
| 040 |
_aCaPaEBR _cCaPaEBR |
||
| 035 | _a(OCoLC)646788945 | ||
| 043 |
_ae------ _ae-uk--- |
||
| 050 | 1 | 4 |
_aKJC5144.M56 _bL369 2007eb |
| 082 | 0 | 4 |
_a340/.115 _222 |
| 245 | 0 | 0 |
_aLaw and ethnic plurality _h[electronic resource] : _bsocio-legal perspectives / _cedited by Prakash Shah. |
| 260 |
_aLeiden ; _aBoston : _bMartinus Nijhoff Publishers, _c2007. |
||
| 300 | _aviii, 239 p. | ||
| 490 | 1 |
_aImmigration and asylum law and policy in Europe ; _vvol. 13 |
|
| 504 | _aIncludes bibliographical references (p. 215-230) and index. | ||
| 505 | 0 | _aOn cultural diversity : the importance of normative foundations for legal responses -- Immigration, diversity, and integration : the limits of EU law -- Changes in drugs policy and practice : implications for the Black Community -- Common law and common sense : juries, justice, and the challenge of ethnic plurality -- Artistic license, free speech, and religious sensibilities in a multicultural society -- Planning law and mosque development : the politics of religion and residence in Birmingham -- Alternative dispute resolution in a diasporic Muslim community in Britain -- Rituals of recognition : ethnic minority marriages in British legal systems -- Ethnicity and the senior judiciary in England and Wales. | |
| 533 |
_aElectronic reproduction. _bPalo Alto, Calif. : _cebrary, _d2013. _nAvailable via World Wide Web. _nAccess may be limited to ebrary affiliated libraries. |
||
| 650 | 0 |
_aMinorities _xLegal status, laws, etc. _zEurope. |
|
| 650 | 0 |
_aMinorities _xLegal status, laws, etc. _zGreat Britain. |
|
| 651 | 0 |
_aEurope _xEthnic relations. |
|
| 651 | 0 |
_aGreat Britain _xEthnic relations. |
|
| 655 | 7 |
_aElectronic books. _2local |
|
| 700 | 1 | _aShah, Prakash. | |
| 710 | 2 | _aebrary, Inc. | |
| 830 | 0 |
_aImmigration and asylum law and policy in Europe ; _vvol. 13. |
|
| 856 | 4 | 0 |
_uhttp://site.ebrary.com/lib/rucke/Doc?id=10270730 _zAn electronic book accessible through the World Wide Web; click to view |
| 999 |
_c7881 _d7881 |
||